The Psychologist as Detective : (Record no. 67743)
[ view plain ]
| 000 -LEADER | |
|---|---|
| fixed length control field | 01024nam a2200289 a 4500 |
| 001 - CONTROL NUMBER | |
| control field | 67743 |
| 003 - CONTROL NUMBER IDENTIFIER | |
| rucl marc code | BD-RjUL |
| 005 - DATE AND TIME OF LATEST TRANSACTION | |
| control field | 20211209081705.0 |
| 008 - FIXED-LENGTH DATA ELEMENTS--GENERAL INFORMATION | |
| fixed length control field | 170328s2001 njua b 001 0 eng d |
| 020 ## - INTERNATIONAL STANDARD BOOK NUMBER | |
| International Standard Book Number | 0130219827 |
| 035 ## - SYSTEM CONTROL NUMBER | |
| System control number | (BD-RjUL)67952 |
| 040 ## - CATALOGING SOURCE | |
| Original cataloging agency | DLC |
| Transcribing agency | DLC |
| Modifying agency | DLC |
| -- | (BD-RjUL) |
| Language of cataloging | eng |
| 041 ## - LANGUAGE CODE | |
| Language code of text/sound track or separate title | eng |
| 082 00 - DEWEY DECIMAL CLASSIFICATION NUMBER | |
| Edition number | 23 |
| Classification number | 150.72 |
| Author mark and year | SMP 2001 |
| 100 1# - MAIN ENTRY--PERSONAL NAME | |
| Personal name | Smith, Randolph A., |
| 9 (RLIN) | 200841 |
| 245 14 - TITLE STATEMENT | |
| Title | The Psychologist as Detective : |
| Remainder of title | An introduction to conducting research in psychology / |
| Statement of responsibility, etc. | Randolph A. Smith, Stephen F. Davis. |
| 250 ## - EDITION STATEMENT | |
| Edition statement | 2nd ed. |
| 260 ## - PUBLICATION, DISTRIBUTION, ETC. (IMPRINT) | |
| Place of publication, distribution, etc. | Upper Saddle River, N.J. : |
| Name of publisher, distributor, etc. | Prentice Hall, |
| Date of publication, distribution, etc. | c2001. |
| 300 ## - PHYSICAL DESCRIPTION | |
| Pagination | xvii, 443 p. : |
| Illustrations | ill. ; |
| Size | 24 cm. |
| 504 ## - BIBLIOGRAPHY, ETC. NOTE | |
| Bibliography, etc | Includes bibliographical references (p. 425-432) and index. |
| 650 #0 - SUBJECT ADDED ENTRY--TOPICAL TERM | |
| Topical term or geographic name as entry element | Psychology |
| General subdivision | Research |
| Form subdivision | Textbooks. |
| 9 (RLIN) | 200842 |
| Topical term or geographic name as entry element | Psychology |
| General subdivision | Research |
| -- | Methodology |
| Form subdivision | Textbooks. |
| 9 (RLIN) | 200843 |
| Topical term or geographic name as entry element | Psychology, Experimental |
| Form subdivision | Textbooks. |
| 9 (RLIN) | 200844 |
| 700 1# - ADDED ENTRY--PERSONAL NAME | |
| Personal name | Davis, Stephen F. |
| 942 ## - ADDED ENTRY ELEMENTS (KOHA) | |
| Source of classification or shelving scheme | Dewey Decimal Classification |
| Koha item type | Books |
| Lost status | Source of classification or shelving scheme | Damaged status | Not for loan | Collection code | Permanent Location | Current Location | Shelving location | Date acquired | Source of acquisition | Cost, normal purchase price | Total Checkouts | Full call number | Date last seen | Copy number | Koha item type |
|---|---|---|---|---|---|---|---|---|---|---|---|---|---|---|---|
| Dewey Decimal Classification | Not For Loan | Non-fiction | Central Library, University of Rajshahi | Central Library, University of Rajshahi | Reading Room | 26/05/2008 | Dhaka, Paragon Enterprise Ltd. | 97.00 | 150.72 SMP 2001 | 28/03/2017 | C-1 | Books |